|
|
|
|
| LEADER |
00000nab a2200000 ar4500 |
| 001 |
vtls008954625 |
| 003 |
SK-MaSNL |
| 005 |
20260303070325.0 |
| 008 |
171110c20061027xo dr|n|||||||000 b|slo |
| 015 |
|
|
|a SLLK2006
|2 sllk
|
| 038 |
|
|
|a SLLK
|
| 040 |
|
|
|a SLLK
|b slo
|c sllk
|e AACR2
|
| 041 |
0 |
|
|a slo
|
| 044 |
|
|
|a xo
|c SK
|
| 080 |
|
|
|a 796.332
|2 1997
|
| 100 |
1 |
|
|a Glovičko, Jaroslav
|4 aut
|9 877427
|
| 245 |
1 |
0 |
|a Radi by sme zimovali prví, hovorí R. Pavlišin
|c Jaroslav Glovičko ; foto: Veronika Janušková
|
| 300 |
|
|
|b Fotogr.
|
| 610 |
2 |
7 |
|a Mestský futbalový klub Stará Ľubovňa
|2 snkbucl
|9 1031864
|
| 648 |
|
7 |
|a 2006
|2 snkbucl
|9 313148
|
| 650 |
0 |
7 |
|a šport
|2 snkbucl
|9 1042
|
| 650 |
0 |
7 |
|a futbal
|x 2. liga Východ
|x muži
|y sezóna 2006/2007
|2 snkbucl
|9 1032832
|
| 651 |
|
7 |
|a Stará Ľubovňa (Slovensko)
|2 snkbucl
|9 19193
|
| 700 |
1 |
|
|a Janušková, Veronika
|4 pht
|4 aut
|9 526840
|
| 773 |
0 |
|
|t Tatranský denník Korzár
|g Roč. VIII, č. 248 (27.10.2006) s.14
|x 1335-7573
|
| 852 |
|
|
|a SLLK
|b KIS3GCP
|
| 999 |
|
|
|c 1754881
|d 1756811
|